| Tag |
First Indicator |
Second Indicator |
Subfields |
| LEADER |
00000cas a2200000 a 4500 |
| 001 |
in00001270413 |
| 005 |
20210224100123.0 |
| 008 |
860418c19869999caubr1p 0 a0eng d |
| 010 |
|
|
|a 86650011
|z sn 86001342
|
| 022 |
0 |
|
|a 0887-9982
|
| 035 |
|
|
|a (OCoLC)13451367
|
| 035 |
|
|
|9 AGX1121AM
|
| 037 |
|
|
|b Tikkun Subscription Dept., 407 State Street, Santa Barbara, CA 93101
|
| 040 |
|
|
|a NSD
|c NSD
|d DLC
|d BTI
|d DLC
|d NST
|d IUL
|d HUL
|d NST
|d DLC
|d NST
|d IUL
|d HUL
|d NST
|d EYM
|d NST
|d NSD
|d UtOrBLW
|
| 042 |
|
|
|a nsdp
|a lc
|
| 049 |
|
|
|a TXAE
|
| 050 |
0 |
0 |
|a DS101
|b .T54
|
| 082 |
0 |
0 |
|a 909/.04924
|2 19
|
| 210 |
0 |
|
|a Tikkun
|
| 222 |
|
0 |
|a Tikkun
|
| 245 |
0 |
0 |
|a Tikkun.
|
| 264 |
|
1 |
|a [Oakland, Calif.] :
|b [Institute for Labor and Mental Health],
|c [1986-]
|
| 264 |
|
4 |
|c [©1986-]
|
| 300 |
|
|
|a volumes :
|b illustrations ;
|c 28 cm.
|
| 310 |
|
|
|a Bimonthly,
|b May/June 1987-
|
| 321 |
|
|
|a Quarterly,
|b 1986-
|
| 336 |
|
|
|a text
|b txt
|2 rdacontent
|
| 337 |
|
|
|a unmediated
|b n
|2 rdamedia
|
| 338 |
|
|
|a volume
|b nc
|2 rdacarrier
|
| 362 |
0 |
|
|a Vol. 1, no. 1-
|
| 500 |
|
|
|a Title from cover.
|
| 500 |
|
|
|a "A quarterly Jewish critique of politics, culture & society"
|
| 515 |
|
|
|a Vol. 1, no. 1 called also "Premiere issue".
|
| 515 |
|
|
|a Issue for Summer 2011 published online only.
|
| 546 |
|
|
|a In English.
|
| 500 |
|
|
|a The Cushing Library/Women & Gender Studies copy was acquired as part of The Don Kelly Research Collection of Gay Literature and Culture.
|5 TXA
|
| 650 |
|
0 |
|a Jews
|v Periodicals.
|
| 650 |
|
0 |
|a Judaism and social problems
|v Periodicals.
|
| 650 |
|
0 |
|a Judaism
|v Periodicals.
|
| 650 |
|
0 |
|a Judaism and politics
|v Periodicals.
|
| 650 |
|
0 |
|a Jews
|x Intellectual life
|v Periodicals.
|
| 710 |
2 |
|
|a Institute for Labor and Mental Health (Oakland, Calif.)
|
| 999 |
|
|
|a MARS
|
| 999 |
f |
f |
|s a4165327-c6d3-3596-8c5c-5fcdb7bc9884
|i a536e9d4-f74f-3beb-a701-9fd579ee7961
|t 0
|
| 952 |
f |
f |
|p ric
|a Texas A&M University
|b Rellis Campus
|c Joint Library Facility
|d Remote Storage
|t 0
|e DS101 .T54
|h Library of Congress classification
|i unmediated -- volume
|k v.23:no.4-6
|l 2008:July/Aug.-Nov./Dec.
|m A14834782665
|
| 952 |
f |
f |
|p ric
|a Texas A&M University
|b Rellis Campus
|c Joint Library Facility
|d Remote Storage
|t 0
|e DS101 .T54
|h Library of Congress classification
|i unmediated -- volume
|k v.25:no.1-3
|l 2010:Jan./Feb.-May/June
|m A14839424115
|
| 952 |
f |
f |
|p ric
|a Texas A&M University
|b Rellis Campus
|c Joint Library Facility
|d Remote Storage
|t 0
|e DS101 .T54
|h Library of Congress classification
|i unmediated -- volume
|k v.13
|l 1998
|m A14824882196
|
| 952 |
f |
f |
|p ric
|a Texas A&M University
|b Rellis Campus
|c Joint Library Facility
|d Remote Storage
|t 0
|e DS101 .T54
|h Library of Congress classification
|i unmediated -- volume
|k v.24:no.4-6
|l 2009:July/Aug.-Nov./Dec.
|m A14839098752
|
| 952 |
f |
f |
|p ric
|a Texas A&M University
|b Rellis Campus
|c Joint Library Facility
|d Remote Storage
|t 0
|e DS101 .T54
|h Library of Congress classification
|i unmediated -- volume
|k v.18:no.1-3
|l 2003:Jan./Feb.-May/June
|m A14831453461
|
| 952 |
f |
f |
|p ric
|a Texas A&M University
|b Rellis Campus
|c Joint Library Facility
|d Remote Storage
|t 0
|e DS101 .T54
|h Library of Congress classification
|i unmediated -- volume
|k v.17
|l 2002
|m A14830358553
|
| 952 |
f |
f |
|p ric
|a Texas A&M University
|b Rellis Campus
|c Joint Library Facility
|d Remote Storage
|t 0
|e DS101 .T54
|h Library of Congress classification
|i unmediated -- volume
|k v.15
|l 2000
|m A14827333316
|
| 952 |
f |
f |
|p ric
|a Texas A&M University
|b Rellis Campus
|c Joint Library Facility
|d Remote Storage
|t 0
|e DS101 .T54
|h Library of Congress classification
|i unmediated -- volume
|k v.22:no.1-3
|l 2007:Jan./Mar.-Apr./June
|m A14836419268
|
| 952 |
f |
f |
|p ric
|a Texas A&M University
|b Rellis Campus
|c Joint Library Facility
|d Remote Storage
|t 0
|e DS101 .T54
|h Library of Congress classification
|i unmediated -- volume
|k v.21:no.1-3
|l 2006:Jan./Feb.-May/June
|m A14835091863
|
| 952 |
f |
f |
|p ric
|a Texas A&M University
|b Rellis Campus
|c Joint Library Facility
|d Remote Storage
|t 0
|e DS101 .T54
|h Library of Congress classification
|i unmediated -- volume
|k v.19:no.4-6
|l 2004:July/Aug.-Nov./Dec.
|m A14833699827
|
| 952 |
f |
f |
|p ric
|a Texas A&M University
|b Rellis Campus
|c Joint Library Facility
|d Remote Storage
|t 0
|e DS101 .T54
|h Library of Congress classification
|i unmediated -- volume
|k v.25:no.4-6
|l 2010:July/Aug.-Nov./Dec.
|m A14842041833
|
| 952 |
f |
f |
|p ric
|a Texas A&M University
|b Rellis Campus
|c Joint Library Facility
|d Remote Storage
|t 0
|e DS101 .T54
|h Library of Congress classification
|i unmediated -- volume
|k v.21:no.4-6
|l 2006:July/Aug.-Nov./Dec.
|m A14835091902
|
| 952 |
f |
f |
|p ric
|a Texas A&M University
|b Rellis Campus
|c Joint Library Facility
|d Remote Storage
|t 0
|e DS101 .T54
|h Library of Congress classification
|i unmediated -- volume
|k v.20:no.1-3
|l 2005:Jan./Feb.-May/June
|m A14833451782
|
| 952 |
f |
f |
|p ric
|a Texas A&M University
|b Rellis Campus
|c Joint Library Facility
|d Remote Storage
|t 0
|e DS101 .T54
|h Library of Congress classification
|i unmediated -- volume
|k v.20:no.4-6
|l 2005:July/Aug.-Nov./Dec.
|m A14833451821
|
| 952 |
f |
f |
|p noncirc
|a Texas A&M University
|b College Station
|c Cushing Memorial Library & Archives
|d Cushing: Women & Gender Studies (Does not check out)
|t 0
|e DS101 .T54
|h Library of Congress classification
|i unmediated -- volume
|
| 952 |
f |
f |
|p ric
|a Texas A&M University
|b Rellis Campus
|c Joint Library Facility
|d Remote Storage
|t 0
|e DS101 .T54
|h Library of Congress classification
|i unmediated -- volume
|k v.19:no.1-3
|l 2004:Jan./Feb.-May/June
|m A14833699788
|
| 952 |
f |
f |
|p ric
|a Texas A&M University
|b Rellis Campus
|c Joint Library Facility
|d Remote Storage
|t 0
|e DS101 .T54
|h Library of Congress classification
|i unmediated -- volume
|k v.24:no.1-3
|l 2009:Jan./Feb.-May/June
|m A14839098697
|
| 952 |
f |
f |
|p ric
|a Texas A&M University
|b Rellis Campus
|c Joint Library Facility
|d Remote Storage
|t 0
|e DS101 .T54
|h Library of Congress classification
|i unmediated -- volume
|k v.14
|l 1999
|m A14827333358
|
| 952 |
f |
f |
|p ric
|a Texas A&M University
|b Rellis Campus
|c Joint Library Facility
|d Remote Storage
|t 0
|e DS101 .T54
|h Library of Congress classification
|i unmediated -- volume
|k v.16
|l 2001
|m A14830358511
|
| 952 |
f |
f |
|p ric
|a Texas A&M University
|b Rellis Campus
|c Joint Library Facility
|d Remote Storage
|t 0
|e DS101 .T54
|h Library of Congress classification
|i unmediated -- volume
|k v.23:no.1-3
|l 2008:Jan./Feb.-May/June
|m A14834782712
|
| 952 |
f |
f |
|p ric
|a Texas A&M University
|b Rellis Campus
|c Joint Library Facility
|d Remote Storage
|t 0
|e DS101 .T54
|h Library of Congress classification
|i unmediated -- volume
|k v.18:no.4-6
|l 2003:July/Aug.-Nov./Dec.
|m A14831453500
|
| 952 |
f |
f |
|p ric
|a Texas A&M University
|b Rellis Campus
|c Joint Library Facility
|d Remote Storage
|t 0
|e DS101 .T54
|h Library of Congress classification
|i unmediated -- volume
|k v.12
|l 1997
|m A14819869581
|
| 952 |
f |
f |
|p ric
|a Texas A&M University
|b Rellis Campus
|c Joint Library Facility
|d Remote Storage
|t 0
|e DS101 .T54
|h Library of Congress classification
|i unmediated -- volume
|k v.11:no.3-6
|l 1996:May/June-Nov./Dec.
|m A14822170373
|
| 952 |
f |
f |
|p ric
|a Texas A&M University
|b Rellis Campus
|c Joint Library Facility
|d Remote Storage
|t 0
|e DS101 .T54
|h Library of Congress classification
|i unmediated -- volume
|k v.22:no.4-6
|l 2007:July/Aug.-Nov./Dec.
|m A14836419307
|
| 998 |
f |
f |
|a DS101 .T54
|s v.12-25 (1997-2010)
|t 0
|l Remote Storage
|
| 998 |
f |
f |
|a DS101 .T54
|s v.5:no.4 (1990:July/Aug.)
|t 0
|l Cushing: Women & Gender Studies (Does not check out)
|